000 00609nam a2200193Ia 4500
005 20260114185700.0
008 008 260114s9999 xx 000 0 eng d
020 _a9780755621231
037 _aEBOOK
040 _aCRL
_beng
_cCRL
041 _aeng
_2eng
084 _qCRL
100 _aDavid Brewer
_9873087
245 0 _aGreece, the Hidden Centuries Turkish Rule from the Fall of Constantinople to Greek Independence
260 _bBloomsbury
_c2009
856 _uhttps://doi.org/10.5040/9780755621231?locatt=label:secondary_bloomsburyCollections
942 _cEBOOK
999 _c1472035
_d1472035